00228nam a2200097Ia 4500008004100000041000800041082001400049100001100063245001900074260003700093231212s1978 xx 000 0 und d aeng a621.38412 ateppar aBasic Radio VI aNew DelhibSatya Prakashanc1978